[Event "Tournament 14471 - Europe Echecs"]
[Site "Europe Echecs"]
[Date "2020.07.09"]
[Round "7"]
[Time "17:17:11"]
[PlyCount "182"]
[White "BarbierPestour"]
[Black "BennounaGreene"]
[WhiteElo "999"]
[BlackElo "1156"]
[Mode "WEB"]
[Result "1-0"]

1. e4 e5 2. Nf3 Nc6 3. d4 exd4 4. Nxd4 Bc5 5. Nxc6 bxc6 6. Bc4 Qf6 7. Qf3 Qxf3
8. gxf3 d6 9. b3 Bd4 10. c3 Bf6 11. f4 Ne7 12. O-O Ng6 13. f5 Ne5 14. Nd2 Nxc4
15. Nxc4 Bxc3 16. Rb1 Ba6 17. Bb2 Bxb2 18. Rxb2 O-O 19. Rc1 Rfe8 20. f3 d5 21.
Na5 dxe4 22. fxe4 Rxe4 23. Nxc6 Bb5 24. Na5 Rc8 25. a4 Ba6 26. b4 h6 27. b5 Rxa4
28. Nc6 Rg4+ 29. Kf2 Bxb5 30. Ne7+ Kh7 31. Nxc8 Rf4+ 32. Kg3 Rxf5 33. Kg4 Bd7
34. Kg3 Bxc8 35. Rxc7 Be6 36. Rxa7 Rg5+ 37. Kf2 Rf5+ 38. Ke3 Rh5 39. Kf4 Rf5+
40. Ke4 Rh5 41. Rg2 Rg5 42. Rxg5 hxg5 43. Ra3 Kg6 44. Kf3 Bd5+ 45. Ke3 Be6 46.
Kf2 f5 47. Kg3 f4+ 48. Kf3 Kf5 49. Ra5+ Kf6 50. h4 gxh4 51. Kxf4 h3 52. Ra1 g5+
53. Kg3 Kg6 54. Ra6 Kf6 55. Kh2 Ke5 56. Ra5+ Kf4 57. Ra4+ Kf5 58. Ra5+ Kg4 59.
Ra4+ Kh5 60. Ra8 g4 61. Re8 Bf5 62. Re5 Kg5 63. Kg3 h2 64. Kxh2 Kf4 65. Ra5 g3+
66. Kg1 Be4 67. Ra4 Kf3 68. Ra3+ Kg4 69. Ra4 Kf4 70. Kf1 Ke3 71. Ra3+ Bd3+ 72.
Kg1 Kd4 73. Kg2 Be4+ 74. Kxg3 Bd5 75. Ra4+ Kc5 76. Ra3 Kd4 77. Kf2 Kc5 78. Ke2
Kd4 79. Kd2 Kc5 80. Kd3 Kd6 81. Kd4 Be6 82. Ra6+ Ke7 83. Ke5 Bc8 84. Ra7+ Kf8
85. Ra8 Kg7 86. Rxc8 Kg6 87. Rc6+ Kg5 88. Rc8 Kg4 89. Rf8 Kg3 90. Ke4 Kg2 91.
Ke3 {BennounaGreene a abandonné} 1-0

[Event "Tournament 14471 - Europe Echecs"]
[Site "Europe Echecs"]
[Date "2020.07.09"]
[Round "7"]
[Time "17:17:11"]
[PlyCount "26"]
[White "DubachNicolas"]
[Black "SherpaHaarSchm"]
[WhiteElo "999"]
[BlackElo "1150"]
[Mode "WEB"]
[Result "1-0"]

1. d4 d5 2. c4 Nf6 3. Nf3 Bf5 4. e3 e6 5. Qb3 Nc6 6. Qxb7 Kd7 7. Qb5 Bxb1 8.
Ne5+ Kc8 9. Qxc6 Rb8 10. cxd5 Bb4+ 11. Kd1 Rf8 12. Ba6+ Rb7 13. Qxb7# {SherpaHaarSchm est échec et mat} 1-0

[Event "Tournament 14471 - Europe Echecs"]
[Site "Europe Echecs"]
[Date "2020.07.09"]
[Round "7"]
[Time "17:17:11"]
[PlyCount "148"]
[White "VerdeauxAntoin"]
[Black "VerdierSolene"]
[WhiteElo "960"]
[BlackElo "1150"]
[Mode "WEB"]
[Result "1/2-1/2"]

1. e4 e5 2. Nf3 Nc6 3. c3 Nf6 4. d3 Bc5 5. Nbd2 O-O 6. g3 d6 7. Bg2 Be6 8. O-O
h6 9. Nb3 Bxb3 10. axb3 a5 11. d4 exd4 12. cxd4 Bb6 13. Qd2 Nxe4 14. Qe3 Re8 15.
Qf4 Bxd4 16. Nxd4 Nxd4 17. Bxe4 Nxb3 18. Rb1 Rb8 19. Bd5 Qf6 20. Qxf6 gxf6 21.
Bxb3 b6 22. Ba4 Re4 23. Ra1 d5 24. Bxh6 d4 25. Rfe1 Rxe1+ 26. Rxe1 Rd8 27. Bf4
Rc8 28. Bd7 Rd8 29. Bg4 c5 30. Bc7 Rd5 31. Bxb6 a4 32. Bf3 Rd6 33. Bxc5 Rd7 34.
Rd1 d3 35. Be3 Kg7 36. Be4 Kf8 37. Bxd3 Ke7 38. Kf1 f5 39. Bc5+ Kf6 40. Bd4+
Rxd4 41. Ke2 Ke5 42. f4+ Ke6 43. Ke3 Kd5 44. Rc1 Rb4 45. Rc3 Rxb2 46. Bc4+ Kc5
47. h4 Kb4 48. Kd3 a3 49. Bxf7 a2 50. Bxa2 Rxa2 51. h5 Rg2 52. h6 Rxg3+ 53. Kd4
Rg8 54. Rc4+ Kb5 55. Rc5+ Kb6 56. Kd5 Kb7 57. Kd6 Kb6 58. Rc7 Rh8 59. Rc6+ Kb5
60. Kd7 Rh7+ 61. Ke6 Rxh6+ 62. Kxf5 Rxc6 63. Ke5 Kc4 64. f5 Rc5+ 65. Ke6 Kd4 66.
f6 Ke4 67. f7 Rc6+ 68. Ke7 Rc8 69. Kd7 Rf8 70. Ke7 Rh8 71. Kf6 Kd5 72. Kg7 Rd8
73. f8=Q Rxf8 74. Kxf8 {Aucun joueur n'a le mat&eacute;riel pour mater} 1/2-1/2

[Event "Tournament 14471 - Europe Echecs"]
[Site "Europe Echecs"]
[Date "2020.07.09"]
[Round "7"]
[Time "17:17:11"]
[PlyCount "57"]
[White "AlexGeerjananN"]
[Black "DygasArthur"]
[WhiteElo "1370"]
[BlackElo "1143"]
[Mode "WEB"]
[Result "0-1"]

1. e4 c5 2. Nf3 d6 3. Bc4 Nf6 4. Nc3 g6 5. d3 Bg7 6. Be3 O-O 7. Qd2 Nc6 8. O-O-O
Ng4 9. h3 Nxe3 10. fxe3 Bd7 11. d4 cxd4 12. exd4 Rc8 13. Rhe1 Nb4 14. a3 Rxc4
15. axb4 Rxb4 16. Kb1 e6 17. Na2 Rb5 18. Nc3 Ra5 19. Na2 d5 20. exd5 exd5 21.
Ne5 Bxe5 22. Rxe5 Be6 23. Ree1 Qb6 24. Qc3 Rc8 25. Qd2 Qa6 26. c3 Rxa2 27. Kc2
Bf5+ 28. Kb3 Qa4# {AlexGeerjananN est échec et mat} 0-1

[Event "Tournament 14471 - Europe Echecs"]
[Site "Europe Echecs"]
[Date "2020.07.09"]
[Round "7"]
[Time "17:17:11"]
[PlyCount "138"]
[White "GheorghinFelix"]
[Black "MolinesMartin"]
[WhiteElo "1310"]
[BlackElo "1033"]
[Mode "WEB"]
[Result "1-0"]

1. e4 e5 2. Nf3 Nc6 3. Bc4 Nf6 4. d3 Bc5 5. Bg5 h6 6. Bh4 d6 7. Nc3 Bg4 8. Nd5
g5 9. Bg3 Nxd5 10. Bxd5 Nd4 11. h3 Nxf3+ 12. gxf3 Be6 13. Bxe6 fxe6 14. h4 Qe7
15. hxg5 Qxg5 16. Bh4 Qg6 17. Qd2 d5 18. O-O-O Qf7 19. Qe2 Be7 20. Bg3 Qg7 21.
Rdg1 Bg5+ 22. Kb1 O-O-O 23. f4 exf4 24. Bxf4 Qf6 25. Bxg5 hxg5 26. Rxh8 Rxh8 27.
exd5 exd5 28. a3 Rh4 29. Qe8+ Qd8 30. Qxd8+ Kxd8 31. Rxg5 c6 32. Rf5 Kc7 33. Kc1
Rh1+ 34. Kd2 Rb1 35. Kc3 Kb6 36. f4 Rf1 37. Rf7 Kc5 38. Rxb7 Rxf4 39. Rxa7 d4+
40. Kb3 Rf8 41. Rb7 Rf2 42. a4 Rf8 43. Ra7 Rb8+ 44. Ka3 Kb6 45. Rd7 Kc5 46. c3
dxc3 47. bxc3 Rb1 48. Rd4 Rc1 49. Rc4+ Kd5 50. Kb4 Rb1+ 51. Ka5 Rd1 52. Rd4+ Kc5
53. Ka6 Rc1 54. Rc4+ Kd5 55. a5 Rd1 56. Rd4+ Kc5 57. Ka7 Ra1 58. Ka6 Ra3 59.
Rc4+ Kd5 60. Kb6 Rb3+ 61. Rb4 Rxc3 62. d4 Ra3 63. a6 Kd6 64. Kb7 Kd7 65. a7
Rxa7+ 66. Kxa7 Kc7 67. Ka6 Kd6 68. Kb6 Kd7 69. Rc4 {MolinesMartin a abandonné} 1-0

[Event "Tournament 14471 - Europe Echecs"]
[Site "Europe Echecs"]
[Date "2020.07.09"]
[Round "7"]
[Time "17:17:11"]
[PlyCount "69"]
[White "GiraudDimitri"]
[Black "LemoalImran"]
[WhiteElo "1087"]
[BlackElo "1047"]
[Mode "WEB"]
[Result "0-1"]

1. e4 e5 2. Nf3 Nc6 3. Bc4 d6 4. Nc3 Bg4 5. d3 Nd4 6. h3 Bxf3 7. gxf3 Qf6 8. Nb5
Nxf3+ 9. Kf1 Kd8 10. Nc3 Ne7 11. Kg2 Nh4+ 12. Kf1 Neg6 13. Nd5 Qf3 14. Qxf3 Nxf3
15. Ke2 Nd4+ 16. Kd1 c6 17. Nb4 a5 18. c3 axb4 19. cxd4 Ke8 20. Bd2 c5 21. dxc5
dxc5 22. Bb5+ Kd8 23. Rf1 Nh4 24. f4 exf4 25. Rxf4 Ng6 26. Rf5 f6 27. Rxc5 Bxc5
28. Rc1 b6 29. Kc2 Rxa2 30. h4 Nxh4 31. Bc6 Kc7 32. Bd5 Nf3 33. Kb1 Ra7 34. e5
Nxd2+ {GiraudDimitri a abandonné} 0-1

[Event "Tournament 14471 - Europe Echecs"]
[Site "Europe Echecs"]
[Date "2020.07.09"]
[Round "7"]
[Time "17:17:11"]
[PlyCount "42"]
[White "MoreauDecource"]
[Black "CourjalCharlot"]
[WhiteElo "1330"]
[BlackElo "1055"]
[Mode "WEB"]
[Result "1-0"]

1. e4 e6 2. Nf3 d5 3. exd5 exd5 4. g3 Nc6 5. Bg2 Bf5 6. O-O Nf6 7. Nc3 Bd6 8. d4
O-O 9. Bg5 h6 10. Bxf6 Qxf6 11. Nxd5 Qe6 12. c4 Bg4 13. Nf4 Bxf4 14. gxf4 Rad8
15. d5 Bxf3 16. Bxf3 Qg6+ 17. Kh1 Ne7 18. Rg1 Qa6 19. Qf1 c6 20. Qg2 Qxc4 21.
Qxg7# {CourjalCharlot est échec et mat} 1-0

[Event "Tournament 14471 - Europe Echecs"]
[Site "Europe Echecs"]
[Date "2020.07.09"]
[Round "7"]
[Time "17:17:11"]
[PlyCount "50"]
[White "DromardLila"]
[Black "CogneauMaude"]
[WhiteElo "1040"]
[BlackElo "1180"]
[Mode "WEB"]
[Result "1-0"]

1. e4 e5 2. Nf3 Nc6 3. Nc3 Bc5 4. Bc4 Nf6 5. d3 Ng4 6. Be3 Bxe3 7. fxe3 Nxe3 8.
Qd2 Nd4 9. Nxd4 Ng4 10. Nf3 d6 11. O-O-O O-O 12. h3 Nh6 13. g4 c6 14. g5 d5 15.
exd5 cxd5 16. Nxd5 Nf5 17. Nxe5 Ng3 18. Rhg1 f6 19. Rxg3 fxe5 20. Nc7+ Kh8 21.
Nxa8 Qd7 22. Qb4 Rd8 23. Rf1 e4 24. Rf8+ Rxf8 25. Qxf8# {CogneauMaude est échec et mat} 1-0

[Event "Tournament 14471 - Europe Echecs"]
[Site "Europe Echecs"]
[Date "2020.07.09"]
[Round "7"]
[Time "17:17:11"]
[PlyCount "76"]
[White "CarobbioMaxime"]
[Black "GuichardAxel"]
[WhiteElo "1080"]
[BlackElo "1148"]
[Mode "WEB"]
[Result "1-0"]

1. d4 d5 2. Nc3 Nf6 3. Bf4 Nc6 4. Nb5 a6 5. Nxc7+ Kd7 6. Nxa8 Nxd4 7. Qxd4 Qa5+
8. c3 Qb5 9. Nb6+ Ke8 10. Nxc8 Qxb2 11. Rd1 Ne4 12. Nf3 Nxc3 13. Rc1 e6 14. Rxc3
Bb4 15. Nd2 Bxc3 16. Qa4+ Kf8 17. Qd1 e5 18. Bg3 g5 19. e3 e4 20. Be2 d4 21.
exd4 Bxd4 22. Bd6+ Kg8 23. O-O e3 24. Nc4 exf2+ 25. Kh1 Qxa2 26. Qxd4 Qxe2 27.
Qxf2 Qxc4 28. Ne7+ Kg7 29. Be5+ Kf8 30. Bxh8 Kxe7 31. Re1+ Kf8 32. Qe3 Qc8 33.
Qb3 b5 34. Rf1 Qc7 35. Qb4+ Kg8 36. Ba1 a5 37. Qxb5 a4 38. Qe8# {GuichardAxel est échec et mat} 1-0

[Event "Tournament 14471 - Europe Echecs"]
[Site "Europe Echecs"]
[Date "2020.07.09"]
[Round "7"]
[Time "17:17:11"]
[PlyCount "74"]
[White "CaillensValent"]
[Black "KulikovaBernie"]
[WhiteElo "999"]
[BlackElo "800"]
[Mode "WEB"]
[Result "1-0"]

1. d4 d5 2. Bf4 Nf6 3. e3 Nc6 4. Nf3 e6 5. Bd3 Bb4+ 6. c3 Bd6 7. Ne5 O-O 8. O-O
a6 9. Nxc6 bxc6 10. Bxd6 cxd6 11. Nd2 Rb8 12. Nb3 g6 13. Rb1 e5 14. h3 Be6 15.
Bxa6 Rb6 16. Bd3 c5 17. dxc5 dxc5 18. Nxc5 Bf5 19. Nb3 e4 20. Be2 Qc7 21. Nd4
Bd7 22. Bg4 Bxg4 23. hxg4 Ne8 24. f3 g5 25. Nf5 Nd6 26. Nh6+ Kg7 27. Nf5+ Nxf5
28. gxf5 f6 29. f4 Kh8 30. Qh5 Rf7 31. Qh6 Qc4 32. Rfd1 Qe2 33. Rxd5 Qxe3+ 34.
Kh2 Qxf4+ 35. Kg1 e3 36. Rd8+ Rf8 37. Qxf8# {KulikovaBernie est échec et mat} 1-0

[Event "Tournament 14471 - Europe Echecs"]
[Site "Europe Echecs"]
[Date "2020.07.09"]
[Round "7"]
[Time "17:17:11"]
[PlyCount "174"]
[White "LoszycerSasha"]
[Black "RaymondTimothe"]
[WhiteElo "1162"]
[BlackElo "999"]
[Mode "WEB"]
[Result "1-0"]

1. d4 d5 2. c4 Nf6 3. cxd5 Nxd5 4. Nf3 Nc6 5. Nc3 Nxc3 6. bxc3 e6 7. e3 Bd6 8.
Bd3 g6 9. O-O O-O 10. Bd2 a6 11. a4 b5 12. axb5 axb5 13. Rxa8 Qd7 14. Bxb5 Bb7
15. Rxf8+ Kxf8 16. Bxc6 Bxc6 17. c4 Ba4 18. Qb1 Qc6 19. c5 Be7 20. Qb8+ Qe8 21.
Qxe8+ Kxe8 22. Ra1 Bb5 23. Ba5 Bd8 24. Bb4 f6 25. Ra8 Bc6 26. Ra6 Bb5 27. Rxe6+
Kd7 28. Re4 Bc6 29. Rh4 h5 30. e4 f5 31. exf5 gxf5 32. Rxh5 Be7 33. Rxf5 Be4 34.
Re5 Bc6 35. h4 Bb5 36. h5 Bf6 37. Rf5 Bg7 38. Rf7+ Ke6 39. Rxg7 Kf6 40. h6 Kf5
41. h7 Ke4 42. h8=Q Kd3 43. Rxc7 Ke2 44. Qb8 Ba4 45. Qe8+ Kd3 46. Qe3+ Kc4 47.
Ra7 Bc6 48. Ra6 Bb5 49. Rb6 Ba4 50. Qa3 Bb3 51. Qxb3+ Kxb3 52. Rd6 Kxb4 53. c6
Kc4 54. c7 Kb5 55. Rb6+ Kxb6 56. c8=Q Kb5 57. d5 Kb4 58. d6 Kb5 59. d7 Kb4 60.
d8=Q Kb5 61. Qc5+ Kxc5 62. g4 Kc6 63. g5 Kb7 64. g6 Kc6 65. g7 Kb7 66. Qc7+ Kxc7
67. g8=Q Kd7 68. Ne5+ Ke7 69. f4 Kd6 70. f5 Kxe5 71. f6 Kxf6 72. Kg2 Ke5 73. Qf7
Ke4 74. Qf6 Kd3 75. Qe5 Kd2 76. Qe4 Kc3 77. Qd5 Kc2 78. Qd4 Kb3 79. Qc5 Kb2 80.
Qc4 Ka3 81. Qb5 Ka2 82. Qb4 Ka1 83. Kf2 Ka2 84. Ke2 Ka1 85. Kd2 Ka2 86. Kc2 Ka1
87. Qb1# {RaymondTimothe est échec et mat} 1-0

[Event "Tournament 14471 - Europe Echecs"]
[Site "Europe Echecs"]
[Date "2020.07.09"]
[Round "8"]
[Time "17:51:49"]
[PlyCount "61"]
[White "FischlerOscar"]
[Black "LamazeSimon"]
[WhiteElo "1864"]
[BlackElo "2185"]
[Mode "WEB"]
[Result "1/2-1/2"]

1. Nf3 Nf6 2. g3 d5 3. d4 Bf5 4. Bg2 e6 5. O-O c6 6. c4 h6 7. Nc3 Nbd7 8. b3 Bd6
9. Bb2 O-O 10. Re1 Bh7 11. Nd2 e5 12. dxe5 Bxe5 13. cxd5 Nxd5 14. Qc1 N7b6 15.
Nxd5 Bxb2 16. Qxb2 Nxd5 17. Nc4 Qf6 18. Qxf6 Nxf6 19. e4 Rfd8 20. f3 Kf8 21.
Rad1 Bg8 22. Kf2 Ke7 23. Na5 Rxd1 24. Rxd1 Rb8 25. Ke3 Nd7 26. Bh3 Nf8 27. f4 f6
28. Bf1 Ne6 29. Ba6 Nc5 30. Bxb7 Rxb7 {Nulle par accord mutuel} 1/2-1/2

[Event "Tournament 14471 - Europe Echecs"]
[Site "Europe Echecs"]
[Date "2020.07.09"]
[Round "8"]
[Time "17:51:49"]
[PlyCount "82"]
[White "KuhnClement"]
[Black "ValleeLouis"]
[WhiteElo "2150"]
[BlackElo "1864"]
[Mode "WEB"]
[Result "1-0"]

1. d4 d5 2. Nf3 Nf6 3. e3 c5 4. b3 Nc6 5. Bb2 e6 6. a3 Bd6 7. Bd3 O-O 8. O-O a6
9. Ne5 Bd7 10. Nd2 b5 11. c4 bxc4 12. bxc4 cxd4 13. exd4 Rb8 14. Qc2 Qc7 15.
Nxd7 Qxd7 16. c5 Qb7 17. Rab1 Bf4 18. Bc3 Qa7 19. Nf3 Ne7 20. Ne5 h6 21. Ba5
Bxe5 22. dxe5 Nd7 23. c6 Nxe5 24. c7 Rbc8 25. Bb6 Qa8 26. Rfc1 Nxd3 27. Qxd3
Rfe8 28. Qc3 Nf5 29. Qc6 Qxc6 30. Rxc6 Ra8 31. Ba5 Kh7 32. Rcb6 Ne7 33. Kf1 Kg6
34. Rd6 Rec8 35. Rc1 Ra7 36. Rd7 Nf5 37. Rd8 Raa8 38. Rb1 Nd4 39. Rb8 Raxb8 40.
cxb8=Q Rc1+ 41. Be1 {ValleeLouis a abandonné} 1-0

[Event "Tournament 14471 - Europe Echecs"]
[Site "Europe Echecs"]
[Date "2020.07.09"]
[Round "8"]
[Time "17:51:49"]
[PlyCount "90"]
[White "VanDenBrandeNo"]
[Black "TrevisiolAntoi"]
[WhiteElo "1931"]
[BlackElo "1788"]
[Mode "WEB"]
[Result "1/2-1/2"]

1. d4 Nf6 2. c4 c5 3. d5 b5 4. cxb5 a6 5. bxa6 Bxa6 6. Nc3 g6 7. e4 Bxf1 8. Kxf1
d6 9. g3 Bg7 10. Kg2 O-O 11. Nf3 Nbd7 12. Qe2 Ng4 13. Nd2 Ngf6 14. a4 e6 15. Nc4
Nb6 16. Rd1 e5 17. Ra3 Nxc4 18. Qxc4 Nd7 19. b3 f5 20. Nb5 Qf6 21. exf5 Qxf5 22.
Qe2 Ra6 23. Nc7 Rb6 24. Ne6 Rfb8 25. Nxg7 Kxg7 26. Qc4 Rb4 27. Qc3 Qe4+ 28. Kg1
Nf6 29. a5 Nxd5 30. Qd2 Rd4 31. Qh6+ Kg8 32. Rxd4 cxd4 33. a6 Nc3 34. a7 Rc8 35.
Bd2 Nb5 36. Ra1 Ra8 37. Qg5 Rxa7 38. Qd8+ Kg7 39. Rxa7+ Nxa7 40. Qe7+ Kg8 41.
Qxa7 Qb1+ 42. Kg2 Qe4+ 43. Kg1 Qb1+ 44. Kg2 Qe4+ 45. Kg1 {Nulle par répétition} 1/2-1/2

[Event "Tournament 14471 - Europe Echecs"]
[Site "Europe Echecs"]
[Date "2020.07.09"]
[Round "8"]
[Time "17:51:49"]
[PlyCount "120"]
[White "SiffertArman"]
[Black "VuDinhAdrien"]
[WhiteElo "1887"]
[BlackElo "1740"]
[Mode "WEB"]
[Result "1-0"]

1. d4 Nf6 2. Bf4 g6 3. Nc3 d5 4. e3 Bg7 5. h4 c6 6. Be2 h5 7. Nf3 Bg4 8. Ne5
Bxe2 9. Qxe2 Nbd7 10. O-O-O Nxe5 11. Bxe5 Qd7 12. f3 e6 13. g4 O-O-O 14. g5 Ne8
15. Bxg7 Nxg7 16. e4 Ne8 17. Na4 Qc7 18. Qe3 Nd6 19. b3 Kb8 20. Nc5 Qc8 21. Kb2
b6 22. Nd3 Qc7 23. Ne5 Rhe8 24. Rhe1 Kb7 25. Qf4 Re7 26. Qf6 Ne8 27. Qf4 Nd6 28.
Qd2 Ne8 29. Qb4 Qd6 30. Qc3 Qc7 31. a4 a5 32. Qe3 Nd6 33. Nd3 Ne8 34. Nf4 Nd6
35. Kb1 Nc8 36. Rd3 Rde8 37. Rc3 Nd6 38. Nd3 Nc8 39. Ne5 Na7 40. Qf4 Rc8 41. Qf6
Rce8 42. Rd1 Rf8 43. Qf4 Rfe8 44. Qf6 Rf8 45. Nxg6 fxg6 46. Qxf8 Rf7 47. Qe8
dxe4 48. fxe4 Rf4 49. Qxe6 Rxh4 50. Qxg6 Rg4 51. Qxh5 Rxe4 52. d5 Qe5 53. dxc6+
Nxc6 54. Qf7+ Ne7 55. Rcd3 Ka6 56. Rd8 Rg4 57. g6 Rxg6 58. Qe8 Nc6 59. Ra8+ Kb7
60. Qc8# {VuDinhAdrien est échec et mat} 1-0

[Event "Tournament 14471 - Europe Echecs"]
[Site "Europe Echecs"]
[Date "2020.07.09"]
[Round "8"]
[Time "17:51:49"]
[PlyCount "87"]
[White "BerthouJules"]
[Black "MenouxJoachim"]
[WhiteElo "1390"]
[BlackElo "1627"]
[Mode "WEB"]
[Result "0-1"]

1. b3 Nf6 2. Bb2 g6 3. e3 Bg7 4. Nf3 O-O 5. c4 c5 6. d4 d5 7. Be2 cxd4 8. Qxd4
Nc6 9. Qd2 Ne4 10. Qc2 dxc4 11. Bxg7 cxb3 12. Qxe4 Kxg7 13. axb3 Bf5 14. Qc4 Rc8
15. O-O Na5 16. Qd4+ Qxd4 17. Nxd4 Bxb1 18. Rxa5 Be4 19. Rxa7 e5 20. Nb5 Rc2 21.
Bf3 Bd3 22. Na3 Ra2 23. Rd1 e4 24. Bg4 f5 25. Rxb7+ Kh6 26. Bxf5 Rxf5 27. Nc4
Rfxf2 28. Rxd3 Rxg2+ 29. Kf1 exd3 30. Rd7 Rxh2 31. Kg1 Rhg2+ 32. Kf1 Rgf2+ 33.
Kg1 Rfe2 34. Rf7 d2 35. Rf1 Rg2+ 36. Kh1 Rh2+ 37. Kg1 Rh3 38. Rd1 Rc2 39. Rxd2
Rxd2 40. Nxd2 Rxe3 41. Kf2 Re8 42. Nc4 Rb8 43. Na5 Rb5 {BerthouJules a abandonné} 0-1

[Event "Tournament 14471 - Europe Echecs"]
[Site "Europe Echecs"]
[Date "2020.07.09"]
[Round "8"]
[Time "17:51:49"]
[PlyCount "112"]
[White "BreuilTristan"]
[Black "DelestreAnatol"]
[WhiteElo "1898"]
[BlackElo "1768"]
[Mode "WEB"]
[Result "1-0"]

1. e4 c5 2. Nf3 a6 3. a4 Nc6 4. d4 cxd4 5. Nxd4 Nf6 6. Nc3 e5 7. Nde2 Bc5 8. Ng3
d6 9. Be2 Be6 10. O-O h6 11. Nd5 Bxd5 12. exd5 Nd4 13. Bc4 Qd7 14. Qd3 g6 15. b4
Ba7 16. Be3 Nf5 17. Bxa7 Rxa7 18. b5 Ke7 19. bxa6 Nxg3 20. fxg3 Qg4 21. axb7
Rxb7 22. Bb5 Rhb8 23. h3 Qg5 24. c4 Kf8 25. Qf3 Ng8 26. a5 f5 27. a6 Ra7 28. g4
Ne7 29. gxf5 gxf5 30. Qf2 Rba8 31. Ra3 f4 32. Kh1 Nf5 33. Rf3 Ke7 34. Kh2 Rxa6
35. Bxa6 Rxa6 36. Rb1 Ra8 37. Rb7+ Kf6 38. h4 Nxh4 39. Rh3 Nf5 40. Rb6 Rg8 41.
c5 Ne3 42. Rxe3 Qxg2+ 43. Qxg2 Rxg2+ 44. Kxg2 fxe3 45. Kf3 e2 46. Kxe2 h5 47.
Rxd6+ Ke7 48. Rh6 h4 49. Rxh4 Kd7 50. Re4 Kc7 51. Rxe5 Kd7 52. Re6 Kc7 53. Kd3
Kd7 54. Kd4 Kc7 55. Ke5 Kd7 56. c6+ {DelestreAnatol a abandonné} 1-0

[Event "Tournament 14471 - Europe Echecs"]
[Site "Europe Echecs"]
[Date "2020.07.09"]
[Round "8"]
[Time "17:51:49"]
[PlyCount "93"]
[White "VasselinLouis"]
[Black "LesueurGabriel"]
[WhiteElo "1590"]
[BlackElo "1906"]
[Mode "WEB"]
[Result "0-1"]

1. e4 e6 2. d4 d5 3. Nc3 Bb4 4. a3 Bxc3+ 5. bxc3 dxe4 6. Qg4 Nf6 7. Qxg7 Rg8 8.
Qh6 b6 9. Bg5 Nbd7 10. Bb5 Rg6 11. Qh4 Bb7 12. Bxd7+ Kxd7 13. Ne2 h6 14. Bxf6
Qxf6 15. Qxf6 Rxf6 16. Rg1 Rg8 17. g3 Rf3 18. Kd2 Rxf2 19. h3 Ba6 20. Rae1 f5
21. Ke3 Rxe2+ 22. Rxe2 Bxe2 23. Kxe2 f4 24. Kf2 fxg3+ 25. Rxg3 Rxg3 26. Kxg3 Kd6
27. Kf4 Kd5 28. h4 c5 29. dxc5 bxc5 30. h5 c4 31. a4 a5 32. Kg4 Ke5 33. Kg3 Kf5
34. Kf2 Kf4 35. Ke2 e5 36. Kf2 e3+ 37. Ke2 Ke4 38. Ke1 Kf3 39. Kf1 e2+ 40. Ke1
e4 41. Kd2 Kf2 42. Kc1 e1=Q+ 43. Kb2 Qd1 44. Ka3 Qc1+ 45. Ka2 Qxc2+ 46. Ka3 Qb3# {VasselinLouis est échec et mat} 0-1

[Event "Tournament 14471 - Europe Echecs"]
[Site "Europe Echecs"]
[Date "2020.07.09"]
[Round "8"]
[Time "17:51:49"]
[PlyCount "102"]
[White "GresserBaptist"]
[Black "MichelDeletieO"]
[WhiteElo "1791"]
[BlackElo "1558"]
[Mode "WEB"]
[Result "1-0"]

1. e4 e5 2. Nf3 Nc6 3. Bc4 Nf6 4. d4 exd4 5. O-O Bc5 6. e5 Ng4 7. Bxf7+ Kxf7 8.
Ng5+ Kg8 9. Qxg4 Nxe5 10. Qe4 h6 11. Qxe5 hxg5 12. Qxc5 g4 13. Bg5 Qe8 14. Nd2
Qh5 15. Qc4+ Kf8 16. Bf4 d6 17. f3 g3 18. Bxg3 Bd7 19. Qxc7 Bc6 20. Qxd6+ Kf7
21. Rae1 Rae8 22. Ne4 Bxe4 23. Rxe4 Rxe4 24. fxe4+ Ke8 25. Qe6+ Kd8 26. Bd6 Qe8
27. Qxe8+ Kxe8 28. Rf8+ Rxf8 29. Bxf8 Kxf8 30. Kf2 Ke7 31. Ke2 Ke6 32. Kd3 Ke5
33. a3 b5 34. b4 a6 35. h3 g6 36. h4 Kf4 37. Kxd4 Kg3 38. e5 Kxg2 39. e6 Kh3 40.
e7 Kxh4 41. e8=Q g5 42. Qe1+ Kh3 43. Qg1 g4 44. Ke3 g3 45. Kf4 g2 46. Kf3 Kh4
47. Qxg2 Kh5 48. Kf4 Kh6 49. Kf5 Kh7 50. Kf6 Kh8 51. Qg7# {MichelDeletieO est échec et mat} 1-0

[Event "Tournament 14471 - Europe Echecs"]
[Site "Europe Echecs"]
[Date "2020.07.09"]
[Round "8"]
[Time "17:51:49"]
[PlyCount "83"]
[White "DimeyGabertQue"]
[Black "OkhanianGiorgi"]
[WhiteElo "1758"]
[BlackElo "1490"]
[Mode "WEB"]
[Result "0-1"]

1. d4 d5 2. c4 c6 3. cxd5 cxd5 4. Nc3 Nf6 5. Bf4 e6 6. e3 Be7 7. Bd3 Nc6 8. Nf3
a6 9. O-O O-O 10. Rc1 Bd7 11. a3 b5 12. Ne5 Rc8 13. Na2 Nh5 14. Qxh5 g6 15. Qe2
Nxe5 16. Bxe5 Qa5 17. Qe1 Qb6 18. Rxc8 Rxc8 19. Qd2 f6 20. Bg3 Be8 21. Rc1 Rxc1+
22. Qxc1 Qb7 23. h3 a5 24. Qc7 Qxc7 25. Bxc7 b4 26. Bxa5 bxa3 27. b4 Kf7 28. Kf1
Ba4 29. Bb1 Bb5+ 30. Ke1 Bc4 31. Kd2 Ke8 32. Kc2 Kd7 33. h4 h5 34. Nc3 g5 35.
hxg5 fxg5 36. Ba2 Bf1 37. g3 h4 38. gxh4 gxh4 39. Kd2 h3 40. Ne2 Bxe2 41. Kxe2
h2 {DimeyGabertQue a abandonné} 0-1

[Event "Tournament 14471 - Europe Echecs"]
[Site "Europe Echecs"]
[Date "2020.07.09"]
[Round "8"]
[Time "17:51:49"]
[PlyCount "174"]
[White "MarcheNael"]
[Black "MoraisThomas"]
[WhiteElo "1566"]
[BlackElo "1710"]
[Mode "WEB"]
[Result "1-0"]

1. d4 Nf6 2. c4 c5 3. d5 e6 4. Nc3 exd5 5. cxd5 d6 6. e4 g6 7. Bb5+ Bd7 8. Bxd7+
Nbxd7 9. Bg5 Bg7 10. Nf3 O-O 11. O-O Re8 12. Qc2 a6 13. a4 Rb8 14. Rfe1 b5 15.
axb5 axb5 16. Ra6 Rb6 17. Rxb6 Qxb6 18. Bxf6 Bxf6 19. Ra1 Ne5 20. Nd2 c4 21. Kf1
Nd3 22. Nd1 Bxb2 23. Rb1 Qd4 24. Nf3 Qxe4 25. Nxb2 Qxd5 26. Nxd3 cxd3 27. Qb3
Qe4 28. Re1 Qc6 29. Rxe8+ Qxe8 30. Qxd3 Qc6 31. Nd4 Qc1+ 32. Ke2 Qg5 33. g3 Qh5+
34. Nf3 Qc5 35. Qd4 Qc2+ 36. Nd2 Qc6 37. Qe4 Qc5 38. Qa8+ Kg7 39. Qa1+ Kg8 40.
Qb2 Qh5+ 41. Nf3 Qc5 42. h4 Qc4+ 43. Ke3 Qc5+ 44. Qd4 Qa3+ 45. Qd3 Qc5+ 46. Ke2
d5 47. Nd4 Qe7+ 48. Kf1 b4 49. Qb3 Qc5 50. Nc2 Qb5+ 51. Kg1 Qc5 52. Nxb4 d4 53.
Nd3 Qa5 54. Qb8+ Kg7 55. Qe5+ Qxe5 56. Nxe5 Kf6 57. Nd3 Kf5 58. f3 g5 59. g4+
Kf6 60. hxg5+ Kxg5 61. Kg2 f5 62. gxf5 Kxf5 63. Kg3 Kg5 64. f4+ Kf5 65. Kf3 h5
66. Nf2 h4 67. Nh3 d3 68. Ke3 Kg4 69. Nf2+ Kg3 70. Nxd3 Kg4 71. Nf2+ Kf5 72. Kf3
h3 73. Nxh3 Kf6 74. Kg4 Kg6 75. f5+ Kf6 76. Kf4 Kf7 77. Ke5 Kg7 78. f6+ Kf7 79.
Ng5+ Kf8 80. Ke6 Ke8 81. f7+ Kf8 82. Nh7+ Kg7 83. f8=Q+ Kxh7 84. Qf4 Kg6 85.
Qg4+ Kh7 86. Kf7 Kh8 87. Qg7# {MoraisThomas est échec et mat} 1-0

[Event "Tournament 14471 - Europe Echecs"]
[Site "Europe Echecs"]
[Date "2020.07.09"]
[Round "8"]
[Time "17:51:49"]
[PlyCount "146"]
[White "DameAxel"]
[Black "MorenoChabotCl"]
[WhiteElo "1709"]
[BlackElo "1476"]
[Mode "WEB"]
[Result "1-0"]

1. Nf3 c5 2. c4 g6 3. g3 Bg7 4. Bg2 d6 5. O-O Nf6 6. Nc3 O-O 7. Rb1 a5 8. d3 Bd7
9. a4 Nc6 10. b3 Ng4 11. Bb2 Nge5 12. Nxe5 Nxe5 13. Bxb7 Rb8 14. Bg2 Bc6 15.
Bxc6 Nxc6 16. Nb5 Bxb2 17. Rxb2 Qd7 18. Qd2 Ra8 19. Rfb1 Nb4 20. Qe3 Qe6 21. Qf3
Qd7 22. Qe3 Rac8 23. d4 cxd4 24. Qxd4 Qe6 25. e3 Qf5 26. Rd1 Nc6 27. Qd2 Ne5 28.
Qe2 Nf3+ 29. Kg2 Ng5 30. Rd5 Qh3+ 31. Kg1 h6 32. Nd4 e5 33. Nf3 Nxf3+ 34. Qxf3
Qe6 35. Rxa5 e4 36. Qd1 f5 37. Rd5 Qf6 38. Rb1 Rfd8 39. a5 Rc5 40. Rxc5 dxc5 41.
Qc2 Ra8 42. Qa2 Qc3 43. a6 Qb4 44. a7 Qb6 45. Ra1 Kf7 46. Qa4 Qc7 47. Qa5 Qb7
48. Qxc5 Ke6 49. Qa3 Qd7 50. Qa6+ Ke7 51. Qxg6 Kd8 52. Qg8+ Qe8 53. Qxe8+ Kxe8
54. b4 Kd7 55. b5 Kc7 56. c5 Kb7 57. b6 Kc6 58. Ra5 Kb7 59. Kf1 Kc6 60. Ke2 h5
61. Kd2 Kb7 62. Kc3 Kc6 63. Kc4 Kb7 64. Kb5 Kc8 65. c6 Kd8 66. b7 Ke7 67. bxa8=Q
f4 68. exf4 e3 69. fxe3 h4 70. Qb7+ Ke6 71. Kc4 hxg3 72. hxg3 Kd6 73. Qd7# {MorenoChabotCl est échec et mat} 1-0